000 00424nam a2200181Ia 4500
001 1861
005 20260306143759.0
008 260306t2009||||xx |||||||||||||| ||spa||
041 _aESP
082 _a155.925
_bR78
100 _aRojas, Enrique
_eAUT
245 0 _aAmigos:
_bAdiós a la soledad
260 _c2009
300 _a319 páginas :
_c23 x 15 cm.
650 _aGEN
654 _aCPS
942 _cLIB
_dJUS
_fJUS
_2ddc
_n
999 _c1861
_d1861